John Creasey's crime collection 1977 (Record no. 27996)

MARC details
000 -LEADER
fixed length control field 00284nam a2200109Ia 4500
082 ## - DEWEY DECIMAL CLASSIFICATION NUMBER
Classification number 82-3
Item number HAR
245 #0 - TITLE STATEMENT
Title John Creasey's crime collection 1977
260 ## - PUBLICATION, DISTRIBUTION, ETC. (IMPRINT)
Place of publication London
Name of publisher Victor Gollancz
Year of publication 1977
700 ## - ADDED ENTRY--PERSONAL NAME
Personal name Harris, Herbert
942 ## - ADDED ENTRY ELEMENTS (KOHA)
Koha item type Books
Holdings
Withdrawn status Lost status Damaged status Not for loan Home library Current library Date acquired Full call number Accession Number Koha item type
        RRII Library RRII Library 16/12/2021 82-3 HAR 08611 Books